000 00928nam a22002415i 4500
001 18743
003 ES-MaACL
005 20230906151919.0
007 t|
008 020312s1993 sp ||||0| spa
020 _a84-7173-215-7
080 _a94(460.154 S.S.)"1808/14"
100 1 _aMurugarren, Luis.
_984663
245 1 0 _a1813, San Sebastián incendiada
_b: británicos y portugueses /
_cLuis Murugarren Zamora.
260 _aDonostia :
_bSociedad Guipuzcoana de Ediciones y Publicaciones,
_c1993.
300 _a352 p., [1] h. pleg. de lám. col ;
_c24 cm.
490 1 _aMonografías (Instituto Dr. Camino de Historia Donostiarra) ;
_v35
651 4 _aSan Sebastián-
_xHistoria-
_y1813 (Sitio)
_9153433
710 2 _aInstituto Dr. Camino de Historia Donostiarra.
_95025
830 1 _aMonografías (Instituto Dr. Camino de Historia Donostiarra) ;
_v35
_9180513
852 _aES-MaACL
_jL-25320
999 _c18743
_d18743